Contenidos ilícitos y responsabilidad de los prestadores de servicios de Internet /
Contiene: La exención de responsabilidad civil por contenidos ajenos en Internet; La controvertida regulación jurídico penal de la difamación a través de Internet; El derecho penal ante la pornografía infantil en Internet; Infracciones de propiedad intelectual y la digital Millenium Copyright Act; A...
Gorde:
| Egile nagusia: | |
|---|---|
| Beste egile batzuk: | |
| Formatua: | Liburua |
| Hizkuntza: | gaztelania |
| Argitaratua: |
Navarra, España :
Aranzadi,
2002, c2002
|
| Saila: | (Revista Aranzadi de Derecho y Proceso Penal. Monografía ;
8) |
| Gaiak: | |
| Etiketak: |
Etiketarik gabe, Izan zaitez lehena erregistro honi etiketa jartzen!
|
MARC
| LEADER | 00000nam^a2200000^a^4500 | ||
|---|---|---|---|
| 001 | 000153462 | ||
| 005 | 20250521000000.0 | ||
| 009 | 20260310100319.444 | ||
| 020 | |a 84-8410-988-7 | ||
| 037 | |a Acervo ITESO - Biblioteca | ||
| 041 | |a ESP | ||
| 082 | |a 345. 0268 |b MOR | ||
| 100 | |a Morales Prats, Fermín |e (coord.) | ||
| 245 | 1 | 0 | |a Contenidos ilícitos y responsabilidad de los prestadores de servicios de Internet / |c Coord. de F. Morales Prats, Oscar Morales García ; pról. de Gabriel Ferraté Pascual. |
| 264 | 4 | |a Navarra, España : |b Aranzadi, |c 2002, c2002 | |
| 300 | |a 267 p. | ||
| 336 | |a texto |b txt |2 rdacontenido | ||
| 337 | |a sin mediación |b n |2 rdamedio | ||
| 338 | |a volumen |b nc |2 rdasoporte | ||
| 440 | 1 | |a (Revista Aranzadi de Derecho y Proceso Penal. |p Monografía ; |v 8) | |
| 520 | |a Contiene: La exención de responsabilidad civil por contenidos ajenos en Internet; La controvertida regulación jurídico penal de la difamación a través de Internet; El derecho penal ante la pornografía infantil en Internet; Infracciones de propiedad intelectual y la digital Millenium Copyright Act; Aspectos supranacionales de la responsabilidad penal de los proveedores de acceso y servicio en Internet; Criterios de atribución de responsabilidad penal a los prestadores de servicios e intermediarios de la sociedad de la información; Responsabilidad penal de las personas jurídicas en el ámbito de las personas jurídicas en el ámbito de la criminalidad informática en Portugal; Cuestiones procesales relativas a la investigación y persecución de conductas delictivas en Internet; Investigación criminal y proceso penal: las directrices de la propuesta del Consejo de Europa sobre Cyber-Crime y de la directiva del comercio electrónico. | ||
| 649 | |a XX | ||
| 650 | |a Derecho Informático - |x Publicaciones Periódicas Españolas | ||
| 650 | |a Negocios en Internet - |x Aspectos Jurídicos | ||
| 650 | |a Internet - |x Aspectos Jurídicos | ||
| 650 | |a Publicaciones Electrónicas - |x Aspectos Jurídicos | ||
| 650 | |a Comunicación en Red - |x Aspectos Jurídicos | ||
| 650 | |a Tecnologías de Comunicación e Información - |x Aspectos Jurídicos | ||
| 650 | |a Medios de Comunicación - |x Aspectos Jurídicos | ||
| 650 | |a Difamación y Calumnia - |x Aspectos Jurídicos | ||
| 650 | |a Pornografía Infantil | ||
| 650 | |a Delitos contra la Persona | ||
| 650 | |a Delitos contra la Propiedad | ||
| 650 | |a Libertad de Expresión | ||
| 650 | |a Responsabilidad (Derecho) | ||
| 650 | |a Responsabilidad Penal | ||
| 650 | |a Criminología | ||
| 650 | |a Derecho Penal - |z España | ||
| 650 | |a Derecho Procesal Penal - |z España | ||
| 650 | |a Derecho Público - |z España | ||
| 650 | |a Derecho | ||
| 700 | |a Morales García, Oscar |e (coordinación) | ||
| 910 | |a Fondo General | ||
| 920 | |a Impresos - Libros | ||
| 930 | |a Colección General | ||
| 905 | |a 101 | ||
| 901 | |a 0500082132 |b IT1 |c ACC |u 20250521 | ||
| 902 | |a https://opac.biblio.iteso.mx/vufind/Record/000153462 | ||